000 00393nam a2200145Ia 4500
008 210210b1990 xxu||||| |||| 00| 0 eng d
020 _a0 8039 9749 3
082 _a302.23 COLM
100 _aCOLLIN (Richard) and others, Ed.
245 _aMedia, culture & society: a critical reader.
260 _aLondon
_bSage Publications
_c1990
300 _a346
690 _aJournalism
906 _a047388
999 _c96617
_d96617